000 01230nam a22003257a 4500
003 CHAP
005 20220329143701.0
008 110119s1982 mx r 00010 spa d
010 _a100283
011 _a101255
035 _a111942
040 _cCHAP
082 0 0 _a025.33
_bUn38 1982
110 2 _aUniversidad Nacional Autónoma de México. Facultad de Ciencias Políticas y Sociales, Centro de Documentación
_9116523
245 1 0 _aTesauro temático
_c/por UNAM. Facultad de Ciencias Políticas y Sociales, Universidad Nacional Autónoma de México, Centro de Documentación
250 _a4 ed.
260 _aMéxico :
_bUNAM. Facultad de Ciencias Políticas y Sociales, Centro de Documentación,
_c1982
300 _a81 p.
590 _aBATCH-UPD
_b10
_c20130110
_lUCH01
_h1653
590 _aBATCH-UPD
_b10
_c20130410
_lUCH01
_h1042
590 _aBATCH-UPD
_b10
_c20130914
_lUCH01
_h0937
590 _aCONVERSION
_b10
_c20130109
_lUCH01
_h1355
650 1 4 _aCiencias políticas.
_923206
650 1 4 _aCiencias sociales.
_923213
650 1 4 _aEncabezamientos de materia.
_936718
650 1 4 _aTesauros.
_9112457
901 _aBK
942 _cLIBRO
949 _a025.33 Un38 1982
_bBC
_cB
_d33724002203835
_eB
_h114032
_i111942
_sb
999 _c100283
_d100283